000 02000cam a2200289 4500500
005 20260111092759.0
041 _afre
042 _adc
100 1 0 _aDamien, Pierre
_eauthor
245 0 0 _aPhilosophie du consentement. Initiation à la pensée d’Aimé Forest (1)
260 _c2016.
500 _a29
520 _aDe la lecture de l’œuvre d’Aimé Forest (1898-1983), l’A., un ermite, découvre la vocation sapientielle de l’intelligence humaine. Ce premier article esquisse la pensée de Forest comme une philosophie du consentement, qui renouvelle le regard dans l’attention à la vie et à la fraternité pour aboutir au recueillement métaphysique. Si la vérité de l’être est homogène à ce qu’il y a de plus spirituel et intérieur dans notre démarche, il faut qu’elle soit élaborée dans une métaphysique de la gratuité, c’est-à-dire de l’Amour.
520 _aPhilosophy of Consent. Initiation to the Thought of Aimé Forest (1)From reading the work of Aimé Forest (1898-1983), the author, a hermit, discovers the sapiential vocation of human intelligence. This first article outlines the thought of Forest as a philosopher of consent, which renews one’s outlook on attention to life and to brotherhood in order to come to metaphysical recollection. If the truth of being is homogeneous with what is most spiritual and interior in our journey, it must be worked out in a metaphysics of gratuity, that is, of Love.
690 _aAimé Forest (1898-1983)
690 _amétaphysique
690 _aphilosophie du consentement
690 _arecueillement
690 _asilence
690 _aAimé Forest (1898-1983)
690 _ametaphysics
690 _aphilosophy of consent
690 _arecollection
690 _asilence
786 0 _nNouvelle revue théologique | 138 | 3 | 2016-06-09 | p. 419-435 | 0029-4845
856 4 1 _uhttps://shs.cairn.info/revue-nouvelle-revue-theologique-2016-3-page-419?lang=fr&redirect-ssocas=7080
999 _c1624376
_d1624376